000 00248nam a2200109Ia 4500
008 190914s9999||||xx |||||||||||||| ||und||
100 _aSarshar Siddiqi
245 0 _aShaneedah
260 _aKarachi
_bHamara Idarah
_c2001
300 _a356
942 _cBK
999 _c9191
_d9191